| 000 | 01468nam a2200445 a 4500 | ||
|---|---|---|---|
| 003 | AR-BaBNM | ||
| 005 | 20251128210334.0 | ||
| 008 | 082120s2002 ||||||||||||||000 | spa|| | ||
| 020 | _a987-9007-13-1 | ||
| 040 | _cAR-BaBNM | ||
| 100 | 1 | _aGriffa, Mirta N. | |
| 245 | 0 | 0 |
_aAmanecen barriletes _bmetodología de la enseñanza para 2do ciclo 4to grado, Ley Federal de Educación, Contenidos Básicos Comunes, temas transversales, ecología, comportamiento humano, creación |
| 250 | _a1ª ed. | ||
| 260 |
_aBuenos Aires _bDimar _c1996 |
||
| 300 |
_a356 p. _bil., mapas |
||
| 490 | 0 | _aProyectando | |
| 504 | _aBibliografía p. 346 | ||
| 650 | 4 | _aLENGUA | |
| 650 | 4 | _aECOLOGIA | |
| 650 | 4 | _aMATEMATICA | |
| 650 | 4 | _aAPARATOS Y SISTEMAS ANATOMICOS | |
| 650 | 4 | _aCIENCIAS SOCIALES | |
| 650 | 4 | _aCIENCIAS NATURALES | |
| 650 | 4 | _aEDUCACION FISICA | |
| 653 | _aEDUCACION GENERAL BASICA | ||
| 653 | _aCONTENIDOS BASICOS COMUNES | ||
| 653 | _aLEY FEDERAL DE EDUCACION | ||
| 653 | _aMETODOS EDUCATIVOS | ||
| 653 | _aTEMAS TRANSVERSALES | ||
| 653 | _aCONTENIDOS ACTITUDINALES | ||
| 653 | _aCONTENIDOS PROCEDIMENTALES | ||
| 653 | _aCONTENIDOS CONCEPTUALES | ||
| 653 | _aFORMACION ETICA Y CIUDADANA | ||
| 700 | 1 |
_aLazzeri, Natalia Valeria _ecolaborador |
|
| 700 | 1 |
_aLazzeri, Andrés Sebastián _ecolaborador |
|
| 700 | 1 |
_aZuviría, Erica Sandra _ecolaborador |
|
| 700 | 1 |
_aAlva, Susana Noemí _ecolaborador |
|
| 942 | _cBK | ||
| 998 | _cCarmen | ||
| 999 |
_c15036 _d15036 |
||